Galactic halos (Record no. 13026)

MARC details
000 -LEADER
fixed length control field 00773nam a2200205Ia 4500
003 - CONTROL NUMBER IDENTIFIER
control field IN-BaIIA
008 - FIXED-LENGTH DATA ELEMENTS--GENERAL INFORMATION
fixed length control field 211028s9999 xx 000 0 eng d
020 ## - INTERNATIONAL STANDARD BOOK NUMBER
International Standard Book Number 1-886733-56-2
040 ## - CATALOGING SOURCE
Transcribing agency IIA Library
080 ## - UNIVERSAL DECIMAL CLASSIFICATION NUMBER
Universal Decimal Classification number 082.2:52
Item number ASP-136
111 ## - MAIN ENTRY--MEETING NAME
Meeting name or jurisdiction name as entry element UC Santa Cruz Workshop
Location of meeting US
Date of meeting or treaty signing 1997 Aug. 11-15
9 (RLIN) 22901
245 #0 - TITLE STATEMENT
Title Galactic halos
Remainder of title proceedings of a UC Santa Cruz workshop held in Campus of UC Santa Cruz, US, 11-15 Aug 1997
Statement of responsibility, etc. edited by D. Zaritsky
260 ## - PUBLICATION, DISTRIBUTION, ETC.
Place of publication, distribution, etc. California
Name of publisher, distributor, etc. Astronomical Society of the Pacific
Date of publication, distribution, etc. 1998
300 ## - PHYSICAL DESCRIPTION
Extent xxi, 426p.
490 ## - SERIES STATEMENT
Series statement ASP conference series; v. 136
650 ## - SUBJECT ADDED ENTRY--TOPICAL TERM
Topical term or geographic name entry element Galactic halo
9 (RLIN) 22902
700 ## - ADDED ENTRY--PERSONAL NAME
Personal name Zaritsky, D., ed.
9 (RLIN) 22903
710 ## - ADDED ENTRY--CORPORATE NAME
Corporate name or jurisdiction name as entry element Astronomical Society of the Pacific
9 (RLIN) 1154
942 ## - ADDED ENTRY ELEMENTS (KOHA)
Koha item type Books
Holdings
Withdrawn status Lost status Damaged status Not for loan Home library Current library Shelving location Date acquired Total Checkouts Full call number Barcode Date last seen Price effective from Koha item type
        IIA Library-Bangalore IIA Library-Bangalore General Stacks 30/06/1999   082.2:52/ ASP-136 13943 05/11/2021 30/06/1999 Books

Powered by Koha